[Event "IsBank TCh-TUR"]
[Site "Konya TUR"]
[Date "2010.07.04"]
[Round "7"]
[White "Can,E"]
[Black "Esen,B"]
[Result "1/2-1/2"]
[WhiteElo "2477"]
[BlackElo "2521"]
[EventDate "2010.06.29"]

1. e4 c5 2. Nf3 d6 3. d4 cxd4 4. Nxd4 Nf6 5. Nc3 a6 6. Bg5 e6 7. f4 Nbd7 8.
Qf3 Qc7 9. O-O-O b5 10. Bd3 Bb7 11. Rhe1 Qb6 12. Nd5 Qxd4 13. Bxf6 gxf6 14.
Bxb5 Qc5 15. Nxf6+ Kd8 16. Nxd7 Qxb5 17. Nxf8 Rxf8 18. Qa3 Ke8 19. Qxd6 Qc6
20. Qd2 Qc7 21. f5 Rd8 22. Qb4 Rg8 23. g3 a5 24. Qa4+ Ke7 25. e5 Rxd1+ 26.
Rxd1 exf5 27. Qh4+ Ke8 28. Qxh7 Rg6 29. Qh8+ Ke7 30. Qh4+ Ke8 31. Qh8+
1/2-1/2

[Event "IsBank TCh-TUR"]
[Site "Konya TUR"]
[Date "2010.07.04"]
[Round "7"]
[White "Gundogan,C"]
[Black "Menzi,N"]
[Result "0-1"]
[WhiteElo "1816"]
[BlackElo "1851"]
[EventDate "2010.06.29"]

1. e4 c5 2. d4 cxd4 3. c3 d3 4. Bxd3 g6 5. Nf3 Bg7 6. O-O Nc6 7. Bf4 Nf6 8.
Re1 O-O 9. Nbd2 d6 10. Nf1 Ng4 11. Qd2 Nge5 12. Nxe5 Nxe5 13. Rad1 Nxd3 14.
Qxd3 Be6 15. Qc2 Qa5 16. Ra1 Rac8 17. Re3 b5 18. Qd2 Rc4 19. Bg5 f6 20. Bf4
Rfc8 21. Rd3 Rxe4 22. Re3 d5 23. Ng3 Rxe3 24. Qxe3 Qb6 25. Re1 Qxe3 26.
Bxe3 Kf7 27. a3 a6 28. Bd4 Bd7 29. f4 Re8 30. Rf1 f5 31. Bxg7 Kxg7 32. Rd1
Bc6 33. Re1 Kf6 34. Re5 e6 35. Ne2 g5 36. g3 gxf4 37. gxf4 Rg8+ 38. Kf2 a5
39. Nd4 Bd7 40. Nb3 Rg4 41. Kf3 a4 42. Nc5 Bc8 43. Nd3 Rg1 44. Kf2 Rd1 45.
Re3 Rd2+ 46. Kg3 Bb7 47. Nc5 Bc8 48. Nd3 Ke7 49. h3 Kd6 50. Kh4 Bb7 51. Kg5
d4 52. cxd4 Be4 53. Nc5 Rxd4 54. Nxe4+ fxe4 55. Re2 Kd5 56. h4 Rd3 57. h5
e3 58. Kh6 Ke4 59. Kxh7 Kf3 60. Rh2 e2 61. Rh3+ Ke4 62. Rxd3 Kxd3 63. h6
e1=Q 64. Kg8 Qg3+ 65. Kh8 Qxf4 66. h7 Qg5 0-1

[Event "IsBank TCh-TUR"]
[Site "Konya TUR"]
[Date "2010.07.04"]
[Round "7"]
[White "Yildiz,B"]
[Black "Melia,S"]
[Result "0-1"]
[WhiteElo "2229"]
[BlackElo "2466"]
[EventDate "2010.06.29"]

1. e4 g6 2. d4 Bg7 3. g3 d6 4. Bg2 Nf6 5. Ne2 O-O 6. O-O Nbd7 7. f4 c6 8.
Nbc3 e5 9. Kh1 exd4 10. Nxd4 Re8 11. Nb3 Qc7 12. a4 Rb8 13. Qd3 b6 14. Be3
a6 15. Nd1 c5 16. Nd2 b5 17. axb5 axb5 18. c3 c4 19. Qc2 Nc5 20. Nf2 Bb7
21. Bd4 Re7 22. Bxf6 Bxf6 23. Ng4 Bg7 24. f5 Ree8 25. Rae1 Nd3 26. Re2 Ne5
27. Ne3 Nd7 28. Qd1 Nf6 29. Nd5 Bxd5 30. exd5 Rxe2 31. Qxe2 Re8 32. Qf2 Re5
33. fxg6 hxg6 34. Ra1 Qe7 35. Ra8+ Kh7 36. Ra7 Ng4 37. Qb6 Re1+ 38. Nf1 Qf6
39. Kg1 Bh6 0-1

[Event "IsBank TCh-TUR"]
[Site "Konya TUR"]
[Date "2010.07.04"]
[Round "7"]
[White "Yaramis,H"]
[Black "Erdogdu,M"]
[Result "0-1"]
[WhiteElo "2103"]
[BlackElo "2458"]
[EventDate "2010.06.29"]

1. e4 c5 2. Nf3 d6 3. d4 cxd4 4. Nxd4 Nf6 5. Nc3 e6 6. Bg5 h6 7. Bxf6 Qxf6
8. Bb5+ Nd7 9. Bxd7+ Bxd7 10. O-O Qd8 11. Kh1 Be7 12. f4 O-O 13. Qd3 Qb6
14. e5 dxe5 15. Nf5 exf5 16. Qxd7 Qe6 17. Qxb7 Rab8 18. Qd5 Rxb2 19. fxe5
Rd8 20. Qxe6 fxe6 21. Rfd1 Rxd1+ 22. Rxd1 Rxc2 23. Nb5 Rxa2 24. h3 Ra5 25.
Rd7 Bh4 0-1

[Event "IsBank TCh-TUR"]
[Site "Konya TUR"]
[Date "2010.07.04"]
[Round "7"]
[White "Erbis,B"]
[Black "Yilmaz,M"]
[Result "0-1"]
[WhiteElo "1950"]
[BlackElo "2476"]
[EventDate "2010.06.29"]

1. e4 c5 2. Nc3 d6 3. g3 Nc6 4. Bg2 g6 5. d3 Bg7 6. f4 e6 7. Nf3 Nge7 8.
O-O O-O 9. Be3 b6 10. Bf2 Ba6 11. Re1 Qc7 12. Qd2 Rad8 13. g4 d5 14. e5 Qd7
15. Bh4 f6 16. exf6 Bxf6 17. Bxf6 Rxf6 18. Ne5 Nxe5 19. fxe5 Rf7 20. Rf1
Rdf8 21. Rxf7 Rxf7 22. Re1 Qd8 23. Ne2 Nc6 24. Ng3 Qh4 25. c4 Qxg4 26. cxd5
exd5 27. e6 Re7 28. Bxd5 Qd4+ 29. Qf2 Qxd5 30. Ne4 Qd4 0-1

[Event "IsBank TCh-TUR"]
[Site "Konya TUR"]
[Date "2010.07.04"]
[Round "7"]
[White "Haznedaroglu,K"]
[Black "Ari,Z"]
[Result "1-0"]
[WhiteElo "2501"]
[BlackElo "2184"]
[EventDate "2010.06.29"]

1. e4 c5 2. Nf3 d6 3. d4 cxd4 4. Qxd4 a6 5. c4 Nc6 6. Qe3 g6 7. h3 Bg7 8.
Be2 f5 9. exf5 Bxf5 10. O-O Nf6 11. Nc3 O-O 12. Rd1 Bc2 13. Re1 Qa5 14. Bd2
Qc5 15. Rac1 Bf5 16. b3 Rac8 17. Na4 Qa3 18. g4 Nxg4 19. hxg4 Bxg4 20. Bc3
Bxc3 21. Nxc3 Qa5 22. Nd5 e6 23. Nd4 exd5 24. Bxg4 Rce8 25. Be6+ Kg7 26.
Nxc6 bxc6 27. Qd4+ Rf6 28. cxd5 c5 29. Qc3 Qxa2 30. Rc2 Qa3 31. Re4 Rb8 32.
Rf4 1-0

[Event "IsBank TCh-TUR"]
[Site "Konya TUR"]
[Date "2010.07.04"]
[Round "7"]
[White "Kanli,K"]
[Black "Serin,S"]
[Result "1-0"]
[WhiteElo "1939"]
[BlackElo "1719"]
[EventDate "2010.06.29"]

1. e4 e5 2. Nf3 Nc6 3. Bb5 a6 4. Ba4 Nf6 5. O-O Nxe4 6. d4 b5 7. Bb3 d5 8.
dxe5 Be6 9. Nbd2 Nc5 10. c3 d4 11. Bxe6 Nxe6 12. cxd4 Ncxd4 13. a4 Qd5 14.
Nxd4 Nxd4 15. Nb3 Rd8 16. Nxd4 Qxd4 17. Qxd4 Rxd4 18. axb5 axb5 19. Be3 Rd5
20. Rfc1 Be7 21. Rxc7 Rd7 22. Ra8+ Bd8 23. Rxd7 Kxd7 24. Bb6 Re8 25. Rxd8+
Rxd8 26. Bxd8 Kxd8 27. f4 Kd7 28. Kf2 Kc6 29. Ke3 Kd5 30. Kd3 g5 31. g3 h5
32. h4 gxh4 33. gxh4 b4 34. b3 1-0

[Event "IsBank TCh-TUR"]
[Site "Konya TUR"]
[Date "2010.07.04"]
[Round "7"]
[White "Atalik,E"]
[Black "Dincel,M"]
[Result "1-0"]
[WhiteElo "2444"]
[BlackElo "1824"]
[EventDate "2010.06.29"]

1. d4 Nf6 2. c4 e6 3. Nc3 b6 4. e4 d6 5. Bd3 Bb7 6. Nge2 Nbd7 7. O-O g6 8.
f4 h5 9. h3 h4 10. Bc2 Nh5 11. Qe1 Rg8 12. Qf2 Qe7 13. a4 a5 14. b3 Bh6 15.
d5 f5 16. dxe6 Qxe6 17. Qxh4 Qf6 18. Qf2 Qe6 19. Qh4 Qf6 20. Qxf6 Nhxf6 21.
Nd5 Nxd5 22. exd5 Bg7 23. Rb1 O-O-O 24. Bb2 Rde8 25. Bxg7 Rxg7 26. Nd4 Nc5
27. Rfe1 Rge7 28. Kf2 Ne4+ 29. Bxe4 Rxe4 30. Rxe4 Rxe4 31. Ne2 c6 32. dxc6
Bxc6 33. Rd1 Kc7 34. g3 Bb7 35. Nc3 Re6 36. g4 Bc6 37. Re1 Rxe1 38. Kxe1
Bg2 39. gxf5 gxf5 40. h4 Bf3 41. Ne2 Bh5 42. Ng3 Bg6 43. h5 Bh7 44. Kd2 Kc6
45. h6 d5 46. Nh5 dxc4 47. bxc4 Kd6 48. Nf6 Bg6 49. h7 Bxh7 50. Nxh7 Ke6
51. Kd3 Kd6 52. Kd4 1-0

[Event "IsBank TCh-TUR"]
[Site "Konya TUR"]
[Date "2010.07.04"]
[Round "7"]
[White "Aydogdu,E"]
[Black "Kazdagli,B"]
[Result "1-0"]
[WhiteElo "1999"]
[BlackElo "1823"]
[EventDate "2010.06.29"]

1. d4 Nf6 2. c4 g6 3. Nc3 Bg7 4. e4 d6 5. f4 O-O 6. Nf3 Na6 7. Be2 e5 8.
dxe5 dxe5 9. Nxe5 Nc5 10. Qxd8 Rxd8 11. Bf3 Be6 12. O-O Nfd7 13. Nxd7 Rxd7
14. e5 Bxc4 15. Rd1 Rxd1+ 16. Nxd1 f6 17. b3 fxe5 18. fxe5 Bxe5 19. Bb2
Bxb2 20. Nxb2 Bf7 21. Rc1 Ne6 22. Bxb7 Rd8 23. Nc4 Nf4 24. Re1 Re8 25.
Rxe8+ Bxe8 26. Ne5 Kg7 27. Kf1 Kf6 28. Nc4 Nd3 29. Be4 Nc1 30. Bb1 Bd7 31.
Ne3 Bb5+ 32. Nc4 a5 33. a4 Bxc4+ 34. bxc4 Nb3 35. Ke2 Ke5 36. Ke3 Nc5 37.
Bc2 Ne6 38. g3 Nc5 39. Bd1 h6 40. Bc2 g5 41. h3 Ne6 42. Bd1 Nd4 43. Bg4 Nb3
44. Bd1 Nc5 45. Bc2 Ne6 46. Bd1 Ng7 47. Bg4 Nf5+ 48. Bxf5 Kxf5 49. Kd4 h5
50. Kd5 h4 51. gxh4 gxh4 52. c5 Kf4 53. Kc6 Kg3 54. Kxc7 Kxh3 55. Kb6 Kg3
56. c6 h3 57. c7 h2 58. c8=Q h1=Q 59. Qc7+ Kg4 60. Kxa5 Qd5+ 61. Ka6 Qd3+
62. Kb6 Qb3+ 63. Ka5 Qd5+ 64. Kb4 Qd2+ 65. Kb5 Qd5+ 66. Qc5 Qb7+ 67. Kc4
Qa6+ 68. Qb5 Qe6+ 69. Kb4 Qe1+ 70. Kc5 Qe3+ 71. Kc6 Qe4+ 72. Kc7 Qe7+ 1-0

[Event "IsBank TCh-TUR"]
[Site "Konya TUR"]
[Date "2010.07.04"]
[Round "7"]
[White "Afyoncu,O"]
[Black "Demirel,T"]
[Result "1-0"]
[WhiteElo "2087"]
[BlackElo "2149"]
[EventDate "2010.06.29"]

1. e4 Nf6 2. Nc3 e5 3. g3 Bc5 4. Bg2 d6 5. d3 O-O 6. Nge2 c6 7. O-O Nbd7 8.
Na4 Bb4 9. a3 Ba5 10. b4 Bc7 11. c4 Re8 12. h3 Nf8 13. Nac3 Ng6 14. f4 exf4
15. Nxf4 d5 16. exd5 cxd5 17. Ncxd5 Nxd5 18. Bxd5 Be6 19. Bxe6 Qd4+ 20. Kh1
fxe6 21. Ra2 Nxf4 22. Bxf4 e5 23. Bc1 Rad8 24. Bg5 Rd7 25. Qh5 Ra8 26. Raf2
Qxd3 27. Qg4 Qd6 28. Rf6 1-0

[Event "IsBank TCh-TUR"]
[Site "Konya TUR"]
[Date "2010.07.04"]
[Round "7"]
[White "Kaplan,E"]
[Black "Arda,T"]
[Result "1-0"]
[WhiteElo "1799"]
[BlackElo "1832"]
[EventDate "2010.06.29"]

1. e4 e5 2. Bc4 Nf6 3. d3 Nc6 4. Nf3 Be7 5. O-O O-O 6. c3 d6 7. Re1 Bd7 8.
Bb3 h6 9. Nbd2 Re8 10. Nf1 Qc8 11. Ng3 Be6 12. Bc2 Qd7 13. h3 Rad8 14. d4
Bf8 15. d5 Bxd5 16. exd5 Ne7 17. c4 c6 18. dxc6 bxc6 19. Qd3 Nc8 20. Nh5 e4
21. Nxf6+ gxf6 22. Rxe4 Rxe4 23. Qxe4 f5 24. Qh4 Qe7 25. Qg3+ Kh8 26. Bxf5
Qf6 27. Bxc8 Rxc8 28. Be3 Qxb2 29. Bd4+ Qxd4 30. Nxd4 Bg7 31. Rd1 Rg8 32.
Qh4 c5 33. Nf5 Kh7 34. Rxd6 f6 35. Rxf6 Bxf6 36. Qxh6+ 1-0

[Event "IsBank TCh-TUR"]
[Site "Konya TUR"]
[Date "2010.07.04"]
[Round "7"]
[White "Arutinian,D"]
[Black "Atalik,S"]
[Result "1/2-1/2"]
[WhiteElo "2566"]
[BlackElo "2607"]
[EventDate "2010.06.29"]

1. d4 Nf6 2. c4 e6 3. Nf3 c5 4. e3 g6 5. Nc3 Bg7 6. Be2 O-O 7. O-O d6 8. e4
Nc6 9. d5 Nd4 10. dxe6 Nxe2+ 11. Qxe2 Bxe6 12. Rd1 Qb6 13. Bf4 Rad8 14. b3
Rfe8 15. Qd3 Ng4 16. Rac1 Ne5 17. Bxe5 dxe5 18. Qe2 f6 19. Rxd8 Rxd8 20.
Nd5 Qa5 21. Rd1 Rd7 22. h3 Qd8 23. Qe3 b6 24. a3 Bf8 25. a4 Kh8 26. Ne1 h5
27. Nd3 Kh7 28. Qe2 Bd6 29. f3 Kg7 30. Kh1 1/2-1/2

[Event "IsBank TCh-TUR"]
[Site "Konya TUR"]
[Date "2010.07.04"]
[Round "7"]
[White "Arig,B"]
[Black "Isparta,Sevim"]
[Result "0-1"]
[WhiteElo "1778"]
[BlackElo "1605"]
[EventDate "2010.06.29"]

1. d4 d5 2. Nf3 Nf6 3. Bg5 Ne4 4. Bh4 c5 5. e3 Qb6 6. Qc1 Nc6 7. c3 cxd4 8.
exd4 Bf5 9. Be2 Rc8 10. O-O e6 11. Nbd2 Bd6 12. Nb3 O-O 13. Ne1 a5 14. Nf3
a4 15. Nbd2 Bf4 16. Nc4 Bxc1 17. Nxb6 Bxb2 18. Rab1 a3 19. Bd3 Rc7 20. Bxe4
Bxe4 21. Bg3 Bxb1 22. Rxb1 e5 23. Nxd5 Rd7 24. Nb6 Rc7 25. d5 f6 26. dxc6
Rxc6 27. Nd5 Kf7 28. h3 Rd8 29. Ne3 Rxc3 30. Kf1 Rdc8 31. Nd5 Rc1+ 32. Rxc1
Rxc1+ 33. Ke2 Ra1 34. Nd2 Rxa2 35. Nb3 Bd4+ 36. Kd3 Rb2 37. Na1 Rb1 38. Nc2
a2 39. Nde3 a1=Q 40. Nxa1 Rxa1 41. Nc2 Ra4 42. f4 Ke6 43. Be1 Bc5 44. fxe5
fxe5 45. Bc3 b5 46. Bb2 Kd5 47. Ne1 Ra2 48. Kc2 Bd4 49. Nd3 Rxb2+ 0-1

[Event "IsBank TCh-TUR"]
[Site "Konya TUR"]
[Date "2010.07.04"]
[Round "7"]
[White "Kerigan,D"]
[Black "Firat,B"]
[Result "1-0"]
[WhiteElo "2126"]
[BlackElo "2403"]
[EventDate "2010.06.29"]

1. e4 e6 2. d3 d5 3. Nd2 Nf6 4. Ngf3 b6 5. Qe2 dxe4 6. Nxe4 Bb7 7. Bd2 Be7
8. O-O-O c5 9. g3 O-O 10. Bg2 Nc6 11. h4 h6 12. c3 Qd7 13. Nxf6+ Bxf6 14.
g4 Ba6 15. Bf4 e5 16. g5 exf4 17. gxf6 Rfe8 18. Qd2 Qf5 19. fxg7 Rad8 20.
Ne1 Ne5 21. Be4 Qg4 22. f3 Qg3 23. Qc2 Qxg7 24. Qh2 Qf6 25. Rg1+ Kh8 26.
Rg5 Bc8 27. Ng2 c4 28. Nxf4 cxd3 29. Nh5 Nxf3 30. Nxf6 Nxh2 31. Rg2 Re6 32.
Rxd3 Rf8 33. Nh7 Rfe8 34. Rxh2 f5 35. Ng5 fxe4 36. Nxe6 exd3 37. Nd4 Bb7
38. Kd2 Be4 39. Rf2 Bg6 40. Rf6 Kg7 41. Rd6 Re4 42. h5 Bxh5 43. Nf5+ Kf8
44. Rxh6 Bf7 45. Rh8+ Bg8 46. Nh6 Kg7 47. Rxg8+ Kxh6 48. Rg2 Re7 49. Kxd3
Rd7+ 50. Kc4 Rc7+ 51. Kd5 Rc5+ 52. Kd4 Rf5 53. c4 Rf4+ 54. Kd5 Rf5+ 55. Kd6
Rf3 56. Kc6 Kh5 57. Kb7 Rf7+ 58. Ka6 Kh4 59. b4 Kh3 60. Rg6 Rc7 61. Kb5 Rb7
62. a4 1-0

[Event "IsBank TCh-TUR"]
[Site "Konya TUR"]
[Date "2010.07.04"]
[Round "7"]
[White "Ali Marandi,C"]
[Black "Sanal,V"]
[Result "0-1"]
[WhiteElo "2105"]
[BlackElo "2106"]
[EventDate "2010.06.29"]

1. e4 e5 2. Nf3 Nc6 3. Bb5 a6 4. Ba4 Nf6 5. O-O b5 6. Bb3 Be7 7. Re1 d6 8.
c3 O-O 9. h3 Na5 10. Bc2 d5 11. d4 dxe4 12. Nxe5 Bb7 13. Bg5 c5 14. dxc5
Qc7 15. Bf4 Bxc5 16. Ng6 Qb6 17. Nxf8 Bxf2+ 18. Kh1 Bxe1 19. Nxh7 Nd5 20.
Bh2 Ne3 21. Bg1 Qh6 22. Bxe3 Qxe3 23. Na3 Bh4 24. Qh5 Qg3 25. Rf1 g6 26.
Qe2 Kxh7 27. b4 f5 28. bxa5 e3 29. Bd1 Rd8 30. Nb1 Qxh3+ 31. Kg1 Bf2+ 0-1

[Event "IsBank TCh-TUR"]
[Site "Konya TUR"]
[Date "2010.07.04"]
[Round "7"]
[White "Patel,Y"]
[Black "Alev,G"]
[Result "0-1"]
[WhiteElo "1782"]
[BlackElo "1565"]
[EventDate "2010.06.29"]

1. e4 c5 2. Nf3 d6 3. d4 cxd4 4. Nxd4 Nf6 5. Nc3 a6 6. Bg5 e5 7. Nb3 Be6 8.
Qd2 h6 9. Bxf6 Qxf6 10. Be2 Nc6 11. O-O Qd8 12. Rad1 Be7 13. f4 b5 14. Kh1
O-O 15. Qe3 Qc7 16. f5 Bxb3 17. axb3 Bg5 18. Qf2 Nb4 19. h4 Bf6 20. g3 Qc5
21. Qh2 Rfd8 22. Bf3 Rac8 23. g4 Qe3 24. Bg2 Qa7 25. Rf3 d5 26. exd5 Nxc2
27. Ne4 Ne3 28. Re1 Nxd5 29. g5 Be7 30. gxh6 g6 31. Qxe5 Bxh4 32. Ref1 Qe7
33. Qf4 Nxf4 0-1

[Event "IsBank TCh-TUR"]
[Site "Konya TUR"]
[Date "2010.07.04"]
[Round "7"]
[White "Savchenko,B"]
[Black "Selbes,T"]
[Result "1-0"]
[WhiteElo "2642"]
[BlackElo "2263"]
[EventDate "2010.06.29"]

1. e4 d6 2. d4 Nf6 3. Nc3 g6 4. f4 Bg7 5. Nf3 c5 6. dxc5 Qa5 7. Qd4 dxc5 8.
Qc4 O-O 9. e5 Be6 10. Qa4 Qxa4 11. Nxa4 Nfd7 12. Be3 f6 13. Nxc5 Nxc5 14.
Bxc5 Nc6 15. Bb5 fxe5 16. Bxc6 bxc6 17. fxe5 Bd5 18. Bxe7 Rxf3 19. gxf3
Bxe5 20. Kf2 Bxb2 21. Rad1 Bxa2 22. Rd8+ Rxd8 23. Bxd8 Bc3 24. Rd1 Bc4 25.
Ke3 a5 26. Rd6 Bd5 27. Bf6 Bb4 28. Rd7 Bc5+ 29. Bd4 Bxd4+ 30. Kxd4 Bxf3 31.
Ra7 h6 32. Ke5 h5 33. Kf6 Be4 34. c4 a4 35. c5 a3 36. Rxa3 Kh7 37. Kg5 Kg8
38. Re3 Bf5 39. Re7 Kf8 40. Kf6 Kg8 41. h4 Kh8 42. Rg7 Be4 43. Rxg6 Bf3 44.
Kg5 Kh7 45. Rh6+ Kg7 1-0

[Event "IsBank TCh-TUR"]
[Site "Konya TUR"]
[Date "2010.07.04"]
[Round "7"]
[White "Ergonen,A"]
[Black "Erturan,Y"]
[Result "0-1"]
[WhiteElo "1995"]
[BlackElo "2377"]
[EventDate "2010.06.29"]

1. e4 c5 2. Nf3 d6 3. d4 cxd4 4. Qxd4 Nc6 5. Bb5 Bd7 6. Bxc6 Bxc6 7. Nc3
Nf6 8. Bg5 e6 9. O-O-O Be7 10. Qd3 O-O 11. Nd4 Qa5 12. Bd2 Qc7 13. f4 Rac8
14. g4 Nd7 15. g5 Nc5 16. Qe3 e5 17. Nxc6 bxc6 18. f5 Rfd8 19. f6 gxf6 20.
gxf6 Bxf6 21. Rhg1+ Kh8 22. Qh6 Qe7 23. Rdf1 Nd7 24. Rg3 Rg8 25. Rh3 Rg7
26. Rf5 Qe6 27. Qh5 Rcg8 28. Bh6 Rg1+ 29. Nd1 Qxa2 30. Be3 Qa1+ 31. Kd2
R1g2+ 32. Nf2 R8g7 33. Bh6 Qa5+ 34. c3 R7g6 35. Be3 Nf8 36. Rg3 0-1

[Event "IsBank TCh-TUR"]
[Site "Konya TUR"]
[Date "2010.07.04"]
[Round "7"]
[White "Zdebskaja,N"]
[Black "Ushenina,A"]
[Result "1/2-1/2"]
[WhiteElo "2383"]
[BlackElo "2468"]
[EventDate "2010.06.29"]

1. e4 c6 2. Nf3 d5 3. Nc3 Bg4 4. h3 Bxf3 5. Qxf3 e6 6. d3 Nd7 7. Bd2 g6 8.
g4 Bg7 9. O-O-O Ne7 10. h4 h5 11. gxh5 Rxh5 12. Qg3 Nf6 13. Be2 Rh7 14. f4
Qc7 15. Qf2 Nh5 16. Bg4 Nf6 17. Bf3 Nh5 18. Bg4 Nf6 19. Bf3 Nh5 20. Bg4 Nf6
1/2-1/2

[Event "IsBank TCh-TUR"]
[Site "Konya TUR"]
[Date "2010.07.04"]
[Round "7"]
[White "Drozdovskij,Y"]
[Black "Lastin,A"]
[Result "1/2-1/2"]
[WhiteElo "2625"]
[BlackElo "2643"]
[EventDate "2010.06.29"]

1. d4 Nf6 2. c4 e6 3. Nc3 Bb4 4. Qc2 O-O 5. Nf3 c5 6. dxc5 Na6 7. Bd2 Nxc5
8. e3 b6 9. Be2 Bb7 10. O-O Nce4 11. Nxe4 Bxe4 12. Bd3 Bxd3 13. Qxd3 Bxd2
14. Nxd2 d5 15. cxd5 Qxd5 16. Qxd5 Nxd5 17. a3 Rfc8 18. Rfc1 Kf8 19. Kf1
Ke7 20. Ke2 e5 21. g3 f6 22. f4 exf4 23. exf4 Kd7 24. Nf3 Rxc1 25. Rxc1
Re8+ 26. Kf2 g6 27. Nd4 a6 28. Rd1 Kd6 29. Ne2 Kc6 30. Rc1+ Kd6 31. Rd1 Kc6
1/2-1/2

[Event "IsBank TCh-TUR"]
[Site "Konya TUR"]
[Date "2010.07.04"]
[Round "7"]
[White "Secer,A"]
[Black "Kayabolen,A"]
[Result "1-0"]
[WhiteElo "2325"]
[BlackElo "1920"]
[EventDate "2010.06.29"]

1. e4 c5 2. Nf3 d6 3. d4 cxd4 4. Nxd4 Nf6 5. Nc3 a6 6. Be3 e6 7. f3 Be7 8.
Qd2 b5 9. a4 b4 10. Na2 a5 11. Bb5+ Bd7 12. c3 e5 13. Nf5 O-O 14. Bxd7 bxc3
15. Nxc3 Qxd7 16. O-O Nc6 17. Rfd1 Rfd8 18. Bg5 Nb4 19. Qf2 Qa7 20. Qxa7
Rxa7 21. Nb5 Rad7 22. Nxe7+ Rxe7 23. Rxd6 Rxd6 24. Nxd6 h6 25. Bxf6 gxf6
26. Nc4 Nc6 27. Rd1 Nb4 28. Rd8+ Kg7 29. Ra8 Rc7 30. b3 Nd3 31. Rxa5 Nc5
32. Rb5 Nxb3 33. Rxb3 Rxc4 34. Ra3 Rc8 35. a5 Ra8 36. a6 Ra7 37. Kf2 Kf8
38. Kg3 Kg7 39. Kh4 Kg6 40. g4 Kh7 41. Kh5 Kg7 42. h4 Kh7 43. g5 hxg5 44.
hxg5 Kg7 45. Kg4 Kg6 46. gxf6 Kxf6 47. Kh5 Ke6 48. Kg5 f6+ 49. Kg6 Ke7 50.
Kf5 Kf7 51. Ra2 Ke7 52. Ra5 Kf7 53. f4 1-0

[Event "IsBank TCh-TUR"]
[Site "Konya TUR"]
[Date "2010.07.04"]
[Round "7"]
[White "Margvelashvili,G"]
[Black "Solak,D"]
[Result "1/2-1/2"]
[WhiteElo "2529"]
[BlackElo "2547"]
[EventDate "2010.06.29"]

1. d4 d5 2. c4 c6 3. Nf3 Nf6 4. cxd5 cxd5 5. Nc3 Nc6 6. Bf4 Bf5 7. e3 e6 8.
Qb3 Bb4 9. Bb5 O-O 10. Bxc6 Bxc3+ 11. Qxc3 Rc8 12. Ne5 bxc6 13. Qa3 Nh5 14.
Rc1 Nxf4 15. exf4 Qb6 16. O-O Rc7 17. Rc5 f6 18. Nf3 Rb8 19. b3 Bg4 20. Nd2
Qb4 21. Qb2 e5 22. fxe5 fxe5 23. Rfc1 Qxd4 24. Qxd4 exd4 25. h3 Bh5 26. g4
Bg6 27. f4 Re7 28. Nf3 Re4 29. f5 Be8 30. Rd1 h5 31. Ng5 Re2 32. Ra5 hxg4
33. hxg4 c5 34. Rxc5 Rxa2 35. Rxd5 Rxb3 36. Rd8 Kf8 37. R1xd4 Ke7 38. R8d5
Rb1+ 39. Rd1 Rxd1+ 40. Rxd1 Bc6 1/2-1/2

[Event "IsBank TCh-TUR"]
[Site "Konya TUR"]
[Date "2010.07.04"]
[Round "7"]
[White "Atakisi,U"]
[Black "Ozturk,E"]
[Result "0-1"]
[WhiteElo "2384"]
[BlackElo "2208"]
[EventDate "2010.06.29"]

1. e4 c6 2. d4 d5 3. f3 e6 4. Nc3 Nf6 5. e5 Nfd7 6. f4 c5 7. Nf3 Nc6 8. Be3
a6 9. Qd2 cxd4 10. Nxd4 Bb4 11. a3 Qa5 12. Nb3 Bxc3 13. Nxa5 Bxd2+ 14. Bxd2
Nd4 15. O-O-O b6 16. c3 Nf5 17. Nb3 Nc5 18. Nxc5 bxc5 19. c4 Bd7 20. Bd3
Nd4 21. Be3 Nb3+ 22. Kb1 d4 23. Bf2 Bc6 24. Rhg1 Rb8 25. Bh4 Rb7 26. f5 O-O
27. f6 Rfb8 28. Be1 gxf6 29. exf6 e5 30. Bf5 e4 31. g4 e3 32. Rg3 Re8 33.
Rd3 a5 34. a4 Re5 35. Rg1 Kh8 36. Bg3 Rxf5 37. gxf5 Be4 38. Kc2 Nd2 39. Bd6
Nf3 0-1

[Event "IsBank TCh-TUR"]
[Site "Konya TUR"]
[Date "2010.07.04"]
[Round "7"]
[White "Arslan,Erda"]
[Black "Tanrikulu,E"]
[Result "0-1"]
[WhiteElo "2126"]
[BlackElo "2259"]
[EventDate "2010.06.29"]

1. d4 d5 2. c4 c6 3. Nc3 Nf6 4. cxd5 cxd5 5. Bf4 Nc6 6. Nf3 e6 7. e3 Be7 8.
Rc1 Bd7 9. Bd3 O-O 10. O-O a6 11. Ne5 Rc8 12. Qf3 Ne8 13. Nxd7 Qxd7 14. Na4
Nxd4 15. Qh3 Ne2+ 16. Kh1 f5 17. Rxc8 Nxf4 18. exf4 Qxc8 19. Qe3 Qc6 20. b3
Ba3 21. Re1 Nc7 22. Qb6 Qxb6 23. Nxb6 Rd8 24. Re2 Bc5 25. Na4 Bd6 26. g3 b5
27. Nb2 Kf7 28. Kg2 d4 29. a4 Nd5 30. axb5 axb5 31. Rd2 Bb4 32. Rd1 Ba3 33.
Rd2 Nc3 34. Rc2 Ke7 35. Kf1 Ra8 36. Kg2 Kd6 37. Bf1 Bxb2 38. Rxb2 Ra1 39.
Rd2 Kd5 40. Bd3 Kc5 41. h4 Ra2 42. Rxa2 Nxa2 43. Kf3 Nc1 44. Bc2 Kb4 45. g4
g6 46. gxf5 gxf5 47. Bd1 Kc3 0-1

[Event "IsBank TCh-TUR"]
[Site "Konya TUR"]
[Date "2010.07.04"]
[Round "7"]
[White "Marasli,T"]
[Black "Cakan,C"]
[Result "1-0"]
[WhiteElo "2185"]
[BlackElo "1990"]
[EventDate "2010.06.29"]

1. Nf3 Nf6 2. c4 e6 3. Nc3 Bb4 4. Qc2 b6 5. g3 Bb7 6. Bg2 O-O 7. O-O d6 8.
d4 Nbd7 9. Rd1 Qe7 10. Nb5 a6 11. Nxc7 Rac8 12. Qa4 Ba5 13. b4 Rxc7 14.
bxa5 Rfc8 15. Nd2 Bxg2 16. Kxg2 e5 17. axb6 Nxb6 18. Qxa6 Nxc4 19. Nxc4
Rxc4 20. dxe5 Qxe5 21. Bf4 Qe4+ 22. Kg1 Nd5 23. Qxd6 Nxf4 24. Qd8+ Qe8 25.
Qxe8+ Rxe8 26. gxf4 Rxf4 27. a4 g6 28. e3 Rg4+ 29. Kf1 Rb4 30. Rdb1 Rh4 31.
Kg2 Rc4 32. a5 Kg7 33. Rb7 Ree4 34. a6 Ra4 35. Rbb1 Rxa1 36. Rxa1 Re8 37.
a7 Ra8 38. Kf3 Kf6 39. Ke4 Ke6 40. Ra6+ Ke7 41. Ke5 f6+ 42. Kd5 1-0

[Event "IsBank TCh-TUR"]
[Site "Konya TUR"]
[Date "2010.07.04"]
[Round "7"]
[White "Gaponenko,I"]
[Black "Ozturk,Ku"]
[Result "1-0"]
[WhiteElo "2465"]
[BlackElo "2273"]
[EventDate "2010.06.29"]

1. e4 e5 2. Nf3 Nc6 3. Bc4 Nf6 4. d4 exd4 5. e5 Ne4 6. O-O Be7 7. c3 d5 8.
Bb3 dxc3 9. Bxd5 cxb2 10. Bxb2 Nc5 11. Bxc6+ bxc6 12. Nd4 Ba6 13. Nxc6 Qd7
14. Qxd7+ Kxd7 15. Nxe7 Bxf1 16. Kxf1 Rab8 17. Ba3 Ne4 18. Ke1 Rb5 19. Nf5
Rxe5 20. Ne3 Rhe8 21. Bb2 R5e6 22. Nc3 Nxf2 23. Kxf2 Rxe3 24. Rd1+ Kc6 25.
Rd2 R3e6 26. Ne2 Rd6 27. Rc2+ Kb5 28. Bxg7 c5 29. Bb2 a5 30. Nc3+ Kc6 31.
g3 Rd4 32. Ne2 Ra4 33. Bc1 Rae4 34. Ba3 R8e5 35. Nf4 Ra4 36. Bc1 Rae4 37.
Bd2 Kb5 38. Rb2+ Ka4 39. Bc3 Rf5 40. Kf3 Rc4 41. Rb3 h5 42. h4 Rb4 43. Bxb4
cxb4 44. Ke4 Rc5 45. Nd3 Rc2 46. Rb2 Rc4+ 47. Kd5 Rc3 48. Kd4 Rc6 49. Rf2
Rg6 50. Nb2+ Kb5 51. Rf5+ Ka6 52. Rxf7 Rd6+ 53. Kc4 Rd2 54. Kb3 Rg2 55. Nc4
1-0

[Event "IsBank TCh-TUR"]
[Site "Konya TUR"]
[Date "2010.07.04"]
[Round "7"]
[White "Yilmazyerli,M"]
[Black "Okay,I"]
[Result "1-0"]
[WhiteElo "2295"]
[BlackElo "1865"]
[EventDate "2010.06.29"]

1. Nf3 Nf6 2. c4 g6 3. b3 Bg7 4. Bb2 O-O 5. Nc3 d6 6. g3 e5 7. Bg2 Nbd7 8.
O-O c6 9. d4 e4 10. Ne1 d5 11. Nc2 Nb6 12. cxd5 cxd5 13. Ba3 Re8 14. Nb5
Re6 15. Rc1 a6 16. Nc3 Bd7 17. Bc5 Ne8 18. Nb4 Bc6 19. Bxb6 Qxb6 20. Nbxd5
Bxd5 21. Nxd5 Qd8 22. Nf4 Re7 23. e3 f5 24. Qe2 Qd6 25. Rc5 Nf6 26. Rfc1
Bf8 27. Qc4+ Kh8 28. h4 b5 29. Qc3 Rd7 30. Qa5 Ng4 31. Rd5 Qe7 32. Qb6 Qa3
33. Rc2 Rad8 34. Rxd7 Rxd7 35. Bh3 Rf7 36. Bxg4 fxg4 37. Qe6 Rf5 38. Qxe4
Qa5 39. h5 Rf6 40. Qe5 Kg7 41. Ne6+ Kf7 42. Ng5+ Kg7 43. h6+ 1-0

[Event "IsBank TCh-TUR"]
[Site "Konya TUR"]
[Date "2010.07.04"]
[Round "7"]
[White "Okay,A"]
[Black "Suer,U"]
[Result "1-0"]
[WhiteElo "1852"]
[BlackElo "1793"]
[EventDate "2010.06.29"]

1. e4 e6 2. d4 d5 3. Nd2 dxe4 4. Nxe4 Nd7 5. Nf3 Ngf6 6. Nxf6+ Nxf6 7. Bd3
h6 8. O-O c5 9. dxc5 Bxc5 10. Qe2 O-O 11. Bf4 Qb6 12. a3 a5 13. c4 Rd8 14.
Rad1 Bd7 15. Bc2 Be8 16. Be5 Ng4 17. Bc3 Rxd1 18. Bxd1 a4 19. h3 Nxf2 20.
Rxf2 Rc8 21. Nd2 Bxf2+ 22. Qxf2 Qxf2+ 23. Kxf2 f6 24. Bc2 Kf7 25. Ne4 Ke7
26. Bb4+ Kd8 27. Nc5 Bf7 28. Nxb7+ Kc7 29. Nd6 Rd8 30. Nxf7 1-0